• 首页
  • 本馆介绍
  • 公告通知
  • 最新文献
  • 馆藏检索
  • 电子资源
  • 读者导购
  • 参考咨询
  • 我的图书馆
  • 登录
  • 详细信息显示
  • 放入我的书架
  • 预约/预借图书
  • 作者相关作品
  • 分类相关作品
  • 丛书相关作品
  • 出版社相关作品

书目信息

  • 表格格式
  • 工作单格式
  • 卡片格式
题名:
数学分析中的典型问题与方法
    
 
作者: 裴礼文 著
分册:  
出版信息: 北京   高等教育出版社  1993.5
页数: 844页
开本: 20cm
丛书名:
单 册:
中图分类: O17
科图分类:
主题词: 数学分析
电子资源:
ISBN: 7-04-004098-0
000 00564nam0 2200193 45
001 0112300800
005 20060627150334.25
010    @a7-04-004098-0@dCNY25.10
100    @a20011230e20011993km y0chiy0120 ea
101 0  @achi
105    @a z 000yy
200 1  @a数学分析中的典型问题与方法@AShu Xue Fen Xi Zhong De Dian Xing Wen Ti Yu Fang Fa@f裴礼文著@FPei Li Wen Zhu
210    @a北京@c高等教育出版社@d1993.5@h2001.10重印
215    @a844页@d20cm
606 0  @a数学分析
690    @aO17@v4
701  0 @a裴礼文@4著
801    @aCN@bTSTC@c20060627
905    @dO17@e91
    
    数学分析中的典型问题与方法/裴礼文著.-北京:高等教育出版社,1993.5(2001.10重印)
    844页;20cm
    
    
    ISBN 7-04-004098-0:CNY25.10
    
●
相关链接 在E读中查询图书 在五车中查询图书 在当当中查询图书 在豆瓣中查询图书


正题名:数学分析中的典型问题与方法     索取号:O17/91         预约/预借

序号 登录号 条形码 馆藏地/架位号 状态 备注
1 0303057   203030576   第三借阅区/ [索取号:O17/91] 在馆    
2 0303058   203030585   第三借阅区/ [索取号:O17/91] 在馆    
3 0303059   203030594   第三借阅区/ [索取号:O17/91] 在馆    
4 0303060   203030601   第三借阅区/ [索取号:O17/91] 已借出,限还日期为2026.05.06
借出人:宋禹萱  
 
5 0303061   203030610   第三借阅区/ [索取号:O17/91] 在馆    
6 0303062   203030629   第三借阅区/ [索取号:O17/91] 在馆    
7 0303063   203030638   第三借阅区/ [索取号:O17/91] 在馆    
8 0303064   203030647   第三借阅区/ [索取号:O17/91] 在馆    
9 0303065   203030656   第三借阅区/ [索取号:O17/91] 在馆    
10 0303066   203030665   第二样本阅览室/ [索取号:O17/91] 在馆    
唐山师范学院图书馆 欢迎您!
大连网信软件有限公司© 版权所有